Optimalizačné prístupy pri skúmaní ceny v procese zefektívňovania rozvoja socialistickej ekonomiky kandidátska dizertačná práca

Saved in:
Bibliographic Details
Main Author: Nemcová, Anna
Corporate Author: Vysoká škola ekonomická v Bratislave. Národohospodárska fakulta
Other Authors: Plichta, Juraj
Format: Book
Language:Slovak
Published: Bratislava 1984
Tags: Add Tag
No Tags, Be the first to tag this record!

MARC

LEADER 00000nam a2200000 4500
001 c034012
005 20221220085354.6
041 0 |a slo 
044 |a SK 
245 1 0 |a Optimalizačné prístupy pri skúmaní ceny v procese zefektívňovania rozvoja socialistickej ekonomiky  |b kandidátska dizertačná práca  |c Anna Nemcová ; Ved. práce Juraj Plichta 
264 1 |a Bratislava  |c 1984 
300 |a 172 s. 
100 1 |a Nemcová, Anna 
700 1 |a Plichta, Juraj 
710 2 |a Vysoká škola ekonomická v Bratislave. Národohospodárska fakulta